[Fa Imre Lajos grafikája] /
Elmentve itt :
| Szerző: | |
|---|---|
| Dokumentumtípus: | Cikk |
| Megjelent: |
1994
|
| Sorozat: | Tiszatáj
48 No. 3 |
| Kulcsszavak: | Grafika - magyar - 1994 |
| Online Access: | http://tiszataj.bibl.u-szeged.hu/15554 |
| LEADER | 00560nab a2200181 i 4500 | ||
|---|---|---|---|
| 001 | tisza15554 | ||
| 005 | 20200330153805.0 | ||
| 008 | 170323s1994 hu o 0|| hun d | ||
| 022 | |a 0133-1167 | ||
| 040 | |a SZTE Tiszatáj Archívum |b hun | ||
| 041 | |a hun | ||
| 100 | 1 | |a Imre Lajos | |
| 245 | 1 | 0 | |a [Fa |h [elektronikus dokumentum] : |b Imre Lajos grafikája] / |c Imre Lajos |
| 260 | |c 1994 | ||
| 300 | |a 46 | ||
| 490 | 0 | |a Tiszatáj |v 48 No. 3 | |
| 695 | |a Grafika - magyar - 1994 | ||
| 856 | 4 | 0 | |u http://tiszataj.bibl.u-szeged.hu/15554/1/tiszataj_1994_003_046.pdf |z Dokumentum-elérés |